01377ngm a2200265 a 450000500170000000800410001708200180005824500590007625000180013530000440015349000460019750000460024350503570028965000920064665000710073865000780080970000480088794200130093526400250094833600270097333700330100033800280103304000350106199900150109620220317001353.0161108s9999 ck g 000 0 spa 04a791.4372bP2414aLas películas de Charles Chaplinhvideodisco digital a1a. edición a6 DVDbsonido, en blanco y negroc12 cm aCine club películas para coleccionistas aPelículas con subtítulos en español aDVD 1. Los principios: 8 cortos -- El campeón – -- El grande |t El vagabundo -- Tras la escena -- El inmigrante -- La peña -- Carmen -- Gas hilarante -- DVD 2. El gran dictador -- El chico -- DVD 3- Candilejas -- DVD 4. Monsieur Verdoux -- El circo -- DVD 5. Luces de la ciudad -- En pos del oro -- DVD 6. Tiempos modernos -- El rey en Nueva York142LEMBaChaplin, Charles SpencervVideodiscos xPelículas cinematográficasy1889-1977142LEMBaPelículas cinematográficasvVideodiscosxMudasySiglo XX142LEMBaPelículas cinematográficasvVideodiscosxColecciones ySiglo XX1 aChaplin, Charles Spencerd1889-1977 971619 2ddccDVD aBogotábEjd Movies atextobtxt2rdacontent asin mediaciónbn2rdamedia avolumenbnc2rdacarrier aCO-BoRNBPbspaerdacCO-BoRNBP c6765d6765